| 000 | 00640nam a22002177a 4500 | ||
|---|---|---|---|
| 003 | UA-OsUOA | ||
| 001 | 71976 | ||
| 007 | ta | ||
| 008 | 20101216b un ||||| |||| 00| 0 ukr d | ||
| 100 | _aКолеснік Я.В. | ||
| 090 |
_a330(477) _bК60 |
||
| 942 | _cSA | ||
| 040 |
_aUA-OsUOA _bukr _cUA-OsUOA _dUA-OsUOA |
||
| 245 | _aБанківський капітал як об'єкт статистичного вивчення | ||
| 300 | _aС.35-39 | ||
| 955 | _a0 | ||
| 041 | _aukr | ||
| 080 | _a330(477) | ||
| 773 | 0 |
_w71975 _tСтатистика України _dК. _d2010 _g3 |
|
| 650 | 7 |
_a330 Економіка взагалі _2UDC |
|
| 999 |
_c358171 _d358171 |
||